01229nab a22002417a 4500999001500000003000400015005001700019008004100036040000700077100003900084245014600123300001300269500003600282505019900318505014700517650002800664650003300692650002000725650003900745650003500784773015500819942001300974 c5741d5741OSt20260101202245.0190514b xxu||||| |||| 00| 0 spa d cPJ 96659aBelloti San Martín, Lucas 13aLa caducidad de instancia y las personas con capacidad menos plena. Crónica de una persistencia inexplicable /cLucas Belloti San Martín. ap. 43-57 aCita: TR LALEY AR/DOC/454/2025. aSumario: I. Caducidad de la instancia. Nociones generales y particularidades frente al proceso con personas sin plena capacidad.— II. El caso.— III. Nuestra opinión.— IV. Conclusiones.  aFallo comentado: CCiv. y Com., Necochea ~ 06/09/2024 ~ V. B. D. c. F. G. S. y otros s/ daños y perj. autom. c/ les. o muerte (exc. estado). 09967aDERECHO DE FAMILIA 091935aCADUCIDAD DE INSTANCIA 092342aCAPACIDAD 093926aRESTRICCIONES A LA CAPACIDAD 091057aJURISPRUDENCIA APLICABLE0 0284493222dBuenos Aires : AbeledoPerrot, 1989-tDerecho de familia. Revista Interdisciplinaria de doctrina y jurisprudencia. Abril 2025-II.z18511201 2udccANA